[Event "Hasselbacken op"]
[Site "Stockholm"]
[Date "2016.05.06"]
[Round "7"]
[White "Carlsten, Peter"]
[Black "Poulopoulos, Ioannis"]
[Result "0-1"]
[WhiteElo "2064"]
[BlackElo "2214"]
[PlyCount "48"]
[EventDate "2016.04.30"]
[EventType "swiss"]
[EventRounds "9"]
[EventCountry "SWE"]
[SourceTitle "CBM 172 Extra"]
[Source "ChessBase"]
[SourceDate "2016.06.21"]
[SourceVersion "1"]
[SourceVersionDate "2016.06.21"]
[SourceQuality "1"]

1. e4 c5 2. Nf3 d6 3. Bb5+ Nd7 4. d4 cxd4 5. Qxd4 a6 6. Bc4 Ngf6 7. 0-0 e5 8. Qe3 h6 9. Nc3 Be7 10. a3 0-0 11. Nh4 Nb6 12. Bb3 Ng4 13. Qe2 Bxh4 14. h3 Nf6 15. g3 Bg5 16. f4 exf4 17. gxf4 Bh4 18. e5 dxe5 19. fxe5 Nh7 20. Rd1 Qe7 21. Be3 Nd7 22. Bd4 Nc5 23. Bxc5 Qxc5+ 24. Kh2 Qf2+ 0-1